| 000 | 00431pab a2200133 454500 | ||
|---|---|---|---|
| 008 | 180718b xxu||||| |||| 00| 0 eng d | ||
| 100 | _aHauser Walter | ||
| 245 | _aViolence, agrarian radicalism and electoral politics: reflections on the Indian People's Front | ||
| 362 | _a21(1), Oct 1993, p.85-126 | ||
| 650 | _a Insurgency -- India | ||
| 650 | _aPeasant Uprisings -- India | ||
| 773 | _aJournal of Peasant Studies | ||
| 909 | _a26934 | ||
| 999 |
_c26934 _d26934 |
||